000 00418 a2200145 4500
999 _c302
_d302
008 221028b ||||| |||| 00| 0 eng d
020 _a9789385750045
082 0 0 _a658.5
_bA261
100 _aAgarwal, D. K.
245 _aTextbook of logistics and supply chain management /
_cD.K. Agarwal
260 _aNew Delhi:
_bLaxmi Publications,
_c2016.
300 _axvi, 356 p.
650 0 _aBusiness Logistics
942 _2ddc
_cBK